• 首页
  • 本馆介绍
  • 公告通知
  • 最新文献
  • 馆藏检索
  • 电子资源
  • 读者导购
  • 参考咨询
  • 我的图书馆
  • 登录
  • 详细信息显示
  • 放入我的书架
  • 预约/预借图书
  • 作者相关作品
  • 分类相关作品
  • 丛书相关作品
  • 出版社相关作品

书目信息

  • 表格格式
  • 工作单格式
  • 卡片格式
题名:
图说红色家书
    
 
作者: 张丁 编著
分册:  
出版信息: 北京   中国人民大学出版社  2016
页数: 266页
开本: 24cm
丛书名:
单 册:
中图分类: I266.5 , I267.5
科图分类:
主题词: 书信集--shu xin ji--中国--现代 , 书信集--shu xin ji--中国--当代
电子资源:
ISBN: 978-7-300-23140-2
000 00886nam0 22002531 450
001 0119171252
005 20170619171252.0
010    @a978-7-300-23140-2@dCNY68.00
100    @a20160902d2016 em y0chiy50 ea
101 0  @achi
102    @aCN@b110000
105    @aa z 000ey
106    @ar
200 1  @a图说红色家书@9tu shuo hong se jia shu@f张丁编著
210    @a北京@c中国人民大学出版社@d2016
215    @a266页@d24cm
330    @a本书共收录45个家庭60封家书,家书的作者都是中共党员和追求进步的人士,既包括陶铸、邓子恢、滕代远、帅孟奇等老一辈革命家,也包括陆更夫、左权、冯庭楷等革命烈士,更多的则是普通党员和士兵。
606 0  @a书信集@9shu xin ji@y中国@z现代
606 0  @a书信集@9shu xin ji@y中国@z当代
690    @aI266.5@v5
690    @aI267.5@v5
701  0 @a张丁@9zhang ding@f(1967.12~)@4编著
801  0 @aCN@b百万庄@c20170616
905    @b1012005-10@dI266.5@e2469@f6
    
    图说红色家书/张丁编著.-北京:中国人民大学出版社,2016
    266页;24cm
    
    
    ISBN 978-7-300-23140-2:CNY68.00
    本书共收录45个家庭60封家书,家书的作者都是中共党员和追求进步的人士,既包括陶铸、邓子恢、滕代远、帅孟奇等老一辈革命家,也包括陆更夫、左权、冯庭楷等革命烈士,更多的则是普通党员和士兵。
●
相关链接 在E读中查询图书 在五车中查询图书 在当当中查询图书 在豆瓣中查询图书


正题名:图说红色家书     索取号:I266.5/2469         预约/预借

序号 登录号 条形码 馆藏地/架位号 状态 备注
1 1012005   210120055   第一样本阅览室/ [索取号:I266.5/2469] 在馆    
2 1012006   210120064   教育系资料室/ [索取号:I266.5/2469] 在馆    
3 1012007   210120073   教育系资料室/ [索取号:I266.5/2469] 在馆    
4 1012008   210120082   教育系资料室/ [索取号:I266.5/2469] 在馆    
5 1012009   210120091   第二借阅区/ [索取号:I266.5/2469] 在馆    
6 1012010   210120108   第二借阅区/ [索取号:I266.5/2469] 在馆    
唐山师范学院图书馆 欢迎您!
大连网信软件有限公司© 版权所有